| 000 | 00786nam a2200253Ia 4500 | ||
|---|---|---|---|
| 003 | OSt | ||
| 005 | 20221005091309.0 | ||
| 006 | a|||||r|||| 00| 0 | ||
| 007 | ta | ||
| 008 | 221004b |||||||| |||| 00| 0 eng d | ||
| 020 |
_a1403967474 _c1293.48 |
||
| 024 | _a86245 | ||
| 037 |
_b2119, 05/09/2007, Selectbook Service Syndicate _cTextual |
||
| 040 |
_aCRL _cCRL _beng |
||
| 041 |
_2eng _aeng |
||
| 082 | _aV:(S:43), P5 | ||
| 100 |
_aSimon Roger I. _9615998 |
||
| 245 | 0 |
_aTouch of the past _b Remembrance, learning, and ethics |
|
| 260 |
_aNew York _bPalgrave Macmillam U. S. A. _c2005 |
||
| 300 |
_a192p. _ccm. |
||
| 650 | _aHISTORY | ||
| 942 |
_hV:(S:43), P5 _cTEXL _2cc |
||
| 999 |
_c997058 _d997058 |
||